|
|
|
|
| LEADER |
01424nam a2200385 a 4500 |
| 001 |
EBC3012383 |
| 003 |
MiAaPQ |
| 005 |
20200520144314.0 |
| 006 |
m o d | |
| 007 |
cr cn||||||||| |
| 008 |
080122s2007 sz sb i000 0 eng d |
| 010 |
|
|
|z 2008365232
|
| 020 |
|
|
|z 9789221198604 (pbk.)
|
| 020 |
|
|
|z 922119860X (pbk.)
|
| 020 |
|
|
|a 9789221198611 (electronic bk.)
|
| 035 |
|
|
|a (MiAaPQ)EBC3012383
|
| 035 |
|
|
|a (Au-PeEL)EBL3012383
|
| 035 |
|
|
|a (CaPaEBR)ebr10512017
|
| 035 |
|
|
|a (OCoLC)923638151
|
| 040 |
|
|
|a MiAaPQ
|c MiAaPQ
|d MiAaPQ
|
| 050 |
|
4 |
|a HD6483
|b .T657 2007
|
| 245 |
0 |
0 |
|a Trade union responses to globalization
|h [electronic resource] :
|b a review by the Global Union Research Network /
|c edited by Verena Schmidt.
|
| 260 |
|
|
|a Geneva :
|b International Labour Office,
|c 2007.
|
| 300 |
|
|
|a xx, 195 p.
|
| 504 |
|
|
|a Includes bibliographical references.
|
| 533 |
|
|
|a Electronic reproduction. Ann Arbor, MI : ProQuest, 2015. Available via World Wide Web. Access may be limited to ProQuest affiliated libraries.
|
| 650 |
|
0 |
|a Labor unions.
|
| 650 |
|
0 |
|a Globalization.
|
| 650 |
|
0 |
|a Industrial relations.
|
| 655 |
|
4 |
|a Electronic books.
|
| 700 |
1 |
|
|a Schmidt, Verena.
|
| 710 |
2 |
|
|a International Labour Office.
|
| 710 |
2 |
|
|a Global Union Research Network.
|
| 710 |
2 |
|
|a ProQuest (Firm)
|
| 856 |
4 |
0 |
|u https://ebookcentral.proquest.com/lib/matrademy/detail.action?docID=3012383
|z Click to View
|